<?xml version="1.0" encoding="UTF-8"?>
<record
    xmlns:xsi="http://www.w3.org/2001/XMLSchema-instance"
    xsi:schemaLocation="http://www.loc.gov/MARC21/slim http://www.loc.gov/standards/marcxml/schema/MARC21slim.xsd"
    xmlns="http://www.loc.gov/MARC21/slim">

  <leader>00718nam a22001337a 4500</leader>
  <datafield tag="999" ind1=" " ind2=" ">
    <subfield code="c">533814</subfield>
    <subfield code="d">533814</subfield>
  </datafield>
  <controlfield tag="008">260630b           ||||| |||| 00| 0 eng d</controlfield>
  <datafield tag="100" ind1=" " ind2=" ">
    <subfield code="a"> Minz, Sumit Kumar   </subfield>
    <subfield code="9">61446</subfield>
  </datafield>
  <datafield tag="245" ind1=" " ind2=" ">
    <subfield code="a">Diplomacy and India-middle East-Europe economic corridor </subfield>
  </datafield>
  <datafield tag="260" ind1=" " ind2=" ">
    <subfield code="a">Third Concept </subfield>
  </datafield>
  <datafield tag="300" ind1=" " ind2=" ">
    <subfield code="a">40(472), Jun, 2026: p.17-20 </subfield>
  </datafield>
  <datafield tag="520" ind1=" " ind2=" ">
    <subfield code="a">The India middle East-Europe economic corridor (MEC), launched at the 2023 summit, seeks to enhance connectivity between India, the Gulf, and Europe through a multimodal tar de network. Positioned as anon alternative to China&#x2019;s belt and road Imitative, it reflects the growing role of geo-economics and infrastructure diplomacy. &#x2013; Reproduced </subfield>
  </datafield>
  <datafield tag="773" ind1=" " ind2=" ">
    <subfield code="a">Third Concept </subfield>
  </datafield>
  <datafield tag="942" ind1=" " ind2=" ">
    <subfield code="c">AR</subfield>
  </datafield>
  <datafield tag="952" ind1=" " ind2=" ">
    <subfield code="0">0</subfield>
    <subfield code="1">0</subfield>
    <subfield code="2">ddc</subfield>
    <subfield code="4">0</subfield>
    <subfield code="7">0</subfield>
    <subfield code="9">408994</subfield>
    <subfield code="a">IIPA</subfield>
    <subfield code="b">IIPA</subfield>
    <subfield code="d">2026-06-30</subfield>
    <subfield code="h">40(472), Jun, 2026: p.17-20 </subfield>
    <subfield code="p">AR139276</subfield>
    <subfield code="r">2026-06-30</subfield>
    <subfield code="y">AR</subfield>
  </datafield>
</record>
